00607 2200217 4500001002100000005001500021035002000036245008500056100003600141250000600177300003500183260003700218082001000255084001600265020001800281650002200299990001700321990001700338990001700355990001700372INLIS00000000000071120190208033911 a0010-02190000221 aBeternak Kerbau :bPotensi dan Analisis Usaha /cIr. H. Rahmat Rukmana, M.Sc.M.M0 aIr. H. Rahmat Rukmana, M.Sc.M.M a- avi, 50 hlm. :bilus. ;c21 cm. aSemarang :bCV Aneka Ilmu,c2010 a636.2 a636.2 RAH b a979-9029-90-7 aPeternakan Kerbau a02683/P/2018 a02684/P/2018 a02685/P/2018 a02686/P/2018